000 00907nam a2200253Ia 4500
003 OSt
005 20221005113135.0
006 a|||||r|||| 00| 0
007 ta
008 221004b |||||||| |||| 00| 0 pan d
020 _a8180590618 (hbk)
_c120
024 _a105543
037 _b7830/II/A, 31/01/2011, Arsee Publishers
_cTextual
040 _aCRL
_cCRL
_bpan
041 _2pan
_apan
082 _aO153,3NBAL,SV:g, P9
100 _aਰਮਨਪ੍ਰੀਤ ਕੈਰ
245 0 _aਸਤਲੁਜ ਵਹਿੰਦਾ ਰਿਹਾ
_b ਪਾਨ ਅਧਿਐਨ
260 _aਦਿੱਲੀ
_b੍ਰੀ ਪ੍ਰਕਾਨ ਭਾਰਤ
_c2009
300 _a88ਪੰ
_ccm.
650 _aਪੰਜਾਬੀ ਸਾਹਿਤ
942 _hO153,3NBAL,SV:g, P9
_cTEXL
_2cc
999 _c1027165
_d1027165